000
00302nam a2200121Ia 4500
008
231207s9999 xx 000 0 und d
020
_a
9781883051167
082
_a
708.794
_b
SCH
100
_a
Schele, Linda
245
0
_a
Hidden faces of the Maya
260
_b
Impetus Comunicacion
_c
1997
300
_a
184p
999
_c
34412
_d
34412